Shehzadi mircha folktales from the punjab / (Record no. 151814)

MARC details
000 -LEADER
fixed length control field 00540nam a22001817a 4500
005 - DATE AND TIME OF LATEST TRANSACTION
control field 20180501171221.0
010 ## - LCCN (DPL NO)
LC control number ENG-122841
020 ## - INTERNATIONAL STANDARD BOOK NUMBER
International Standard Book Number 9789386702623
Terms of availability 350.00
035 ## - SYSTEM CONTROL NUMBER
System control number EN-106373
037 ## - SOURCE OF ACQUISITION
Source of stock number/acquisition DBAD/PUB
082 ## - DEWEY DECIMAL CLASSIFICATION NUMBER
Classification number S
100 ## - MAIN ENTRY--PERSONAL NAME
Personal name Steel, Flora Annie
245 ## - TITLE STATEMENT
Title Shehzadi mircha folktales from the punjab /
Statement of responsibility, etc by Flora Annie Steel
260 ## - PUBLICATION, DISTRIBUTION, ETC. (IMPRINT)
Place of publication, distribution, etc New Delhi
Name of publisher, distributor, etc Speaking Tiger Publications
Date of publication, distribution, etc 2017
270 ## - ADDRESS
Address 4381/4, Ansari Road, Daryaganj,
City New Delhi
Postal code 110002
300 ## - PHYSICAL DESCRIPTION
Extent 263p.
Dimensions 21cm(pbk)
Other physical details ill.
942 ## - ADDED ENTRY ELEMENTS (KOHA)
Source of classification or shelving scheme Dewey Decimal Classification
Item type English Books
Call number suffix STE
Classification part S
Holdings
Withdrawn status Lost status Not for loan Collection code Home library Current library Date acquired Source of acquisition Cost, normal purchase price Full call number Barcode Copy number Cost, replacement price Koha item type
    Not For Loan Non-fiction D.B.Act.Division Shahdara Branch 01/05/2018 DBAD/PUB 350.00 S STE EN-106373 1 350.00 English Books

© Delhi Public Library
Hit Counter
free hit counter